[Event "XXIV MEMORIAL J. KOCHANA"]
[Site "Koszalin"]
[Date "2013.08.11"]
[Round "2.10"]
[White "Smal, Tobiasz"]
[Black "Ziemba, Artur"]
[Result "0-1"]
[WhiteElo "1928"]
[BlackElo "1667"]
[PlyCount "152"]
[EventDate "2013.??.??"]

1. e4 c5 2. Nf3 d6 3. d4 Nf6 4. Nc3 cxd4 5. Nxd4 a6 6. Bc4 e6 7. Bb3 Be7 8. O-O
b5 9. Qf3 Bb7 10. Bxe6 fxe6 11. Nxe6 Qd7 12. Nxg7+ Kd8 13. Nf5 b4 14. Bg5 Rf8
15. Nxe7 Qxe7 16. Nd5 Bxd5 17. exd5 Nbd7 18. Rfe1 Qg7 19. Bh4 Ne5 20. Qb3 Rg8
21. g3 a5 22. a3 Rb8 23. axb4 Rxb4 24. Qxb4 axb4 25. Ra8+ Ke7 26. Ra7+ Kf8 27.
Rxg7 Kxg7 28. Bxf6+ Kxf6 29. Re4 Rc8 30. Rf4+ Kg6 31. Rxb4 Rxc2 32. Rb6 Nf7 33.
Kg2 Rc5 34. b4 Rxd5 35. Kf3 Kf6 36. Ke3 Ke6 37. Rb7 h6 38. b5 Re5+ 39. Kd3 Re1
40. Kd2 Rb1 41. b6 Ne5 42. Rh7 Nf7 43. Rg7 Rxb6 44. Ke3 Rb8 45. h4 Kf6 46. Rg4
Rb3+ 47. Ke2 Ne5 48. Rd4 Ke6 49. Ra4 h5 50. Ra8 Ng4 51. Re8+ Kf7 52. Rd8 Ke7
53. Rh8 Rb2+ 54. Ke1 Nf6 55. Kf1 Ke6 56. Kg2 Kf5 57. Kf3 d5 58. Rd8 Rb7 59. Ke3
Rb3+ 60. Ke2 Rb6 61. f3 Ke5 62. Ra8 Rb2+ 63. Kd3 Rb3+ 64. Ke2 Rb2+ 65. Kd3 Rg2
66. g4 hxg4 67. fxg4 Rxg4 68. Rh8 Rg3+ 69. Ke2 Ke4 70. Rf8 Ng4 71. h5 Rg2+ 72.
Kf1 Rh2 73. Re8+ Kd3 74. Rg8 Ne3+ 75. Ke1 Rh1+ 76. Kf2 Rf1+ 0-1

[Event "XXIV MEMORIAL J. KOCHANA"]
[Site "Koszalin"]
[Date "2013.08.11"]
[Round "2.11"]
[White "Ziobrowska, Danuta"]
[Black "Karwowski, Kacper"]
[Result "0-1"]
[WhiteElo "1595"]
[BlackElo "1904"]
[PlyCount "74"]
[EventDate "2013.??.??"]

1. d4 Nf6 2. c4 c5 3. Nf3 cxd4 4. Nxd4 e6 5. a3 Qc7 6. e3 a6 7. Nc3 b6 8. b3
Bb7 9. Nf3 b5 10. Bd2 bxc4 11. Bxc4 d5 12. Be2 Nc6 13. b4 Bd6 14. h3 O-O 15.
O-O e5 16. b5 Nb8 17. Qb3 a5 18. Rfc1 Qe7 19. a4 Re8 20. Bd1 d4 21. exd4 exd4
22. Ne2 Ne4 23. Qc2 Nxd2 24. Qxd2 Bxf3 25. gxf3 Qh4 26. Kg2 Nd7 27. Qxd4 Qxd4
28. Nxd4 Be5 29. Nc6 Bxa1 30. Rxa1 Re1 31. Rb1 Nb6 32. Bc2 Rxb1 33. Bxb1 Nxa4
34. Be4 Nc3 35. Ne7+ Kf8 36. Bxa8 Kxe7 37. b6 Kd6 0-1

[Event "XXIV MEMORIAL J. KOCHANA"]
[Site "Koszalin"]
[Date "2013.08.11"]
[Round "2.12"]
[White "Gajdamowicz, Patrick"]
[Black "Stylinski, Piotr"]
[Result "0-1"]
[WhiteElo "1892"]
[BlackElo "1576"]
[PlyCount "130"]
[EventDate "2013.??.??"]

1. d4 Nf6 2. c4 g6 3. Nf3 Bg7 4. Nc3 O-O 5. g3 d6 6. Bg2 Nbd7 7. O-O e5 8. dxe5
dxe5 9. h3 c6 10. Be3 Qc7 11. Qc2 Nh5 12. Rad1 f5 13. Ng5 Rf6 14. g4 fxg4 15.
hxg4 Nf4 16. Bxf4 exf4 17. Nce4 Qe5 18. Nf3 Qe7 19. Nxf6+ Nxf6 20. g5 Ne4 21.
Qd3 Bg4 22. Qa3 Qe6 23. Qb3 Qe7 24. Qa3 Qe6 25. Nd4 Qxc4 26. Qb3 Qxb3 27. Nxb3
Nxg5 28. Rd2 Re8 29. f3 Be6 30. Nc5 Bc8 31. Rfd1 Nf7 32. b3 Bf5 33. Ne4 Bxe4
34. fxe4 Ne5 35. Rd8 Kf7 36. Bf3 Ke7 37. R8d6 Bf8 38. Kg2 Kf7 39. Rd8 Be7 40.
R8d2 Bb4 41. Rc2 Ke7 42. Kf2 Rf8 43. Kg2 h5 44. Rd4 Ba5 45. b4 Bb6 46. Rd1 Be3
47. a4 g5 48. Bxh5 g4 49. b5 Rh8 50. bxc6 bxc6 51. Rh1 Kf6 52. Rb2 Kg5 53. Bxg4
Rxh1 54. Kxh1 Kxg4 55. Kg2 Kg5 56. Rb7 Kf6 57. Kf1 Ke6 58. Ke1 Nc4 59. Kd1 Nd2
60. Rc7 Kd6 61. Rb7 Nxe4 62. a5 Nc3+ 63. Ke1 Nb5 64. Kd1 Kc5 65. Rb8 Kb4 0-1

[Event "XXIV MEMORIAL J. KOCHANA"]
[Site "Koszalin"]
[Date "2013.08.11"]
[Round "2.13"]
[White "Dabrowski, Damian"]
[Black "Bartoszewicz, Marcin"]
[Result "1/2-1/2"]
[WhiteElo "1593"]
[BlackElo "1878"]
[PlyCount "81"]
[EventDate "2013.??.??"]

1. e4 e5 2. f4 d6 3. Bc4 Be7 4. d3 Nf6 5. Nf3 Nc6 6. Nc3 O-O 7. O-O exf4 8.
Bxf4 Na5 9. Bb3 Nxb3 10. axb3 Bg4 11. Kh1 c6 12. h3 Bh5 13. Qe1 Bg6 14. g4 h5
15. Rg1 hxg4 16. hxg4 d5 17. e5 Nh7 18. g5 Bh5 19. Qg3 g6 20. Nh4 Re8 21. Rae1
Nf8 22. Rg2 Ne6 23. Nd1 Bxd1 24. Rxd1 Kg7 25. Rdg1 Rh8 26. Rh2 a5 27. Nf3 Qb6
28. Rgg2 a4 29. Rxh8 Rxh8+ 30. Rh2 axb3 31. Rxh8 Kxh8 32. c3 Qa6 33. Qh2+ Kg8
34. Qd2 Nxf4 35. Qxf4 Qa1+ 36. Kg2 Qxb2+ 37. Kg3 Qxc3 38. e6 fxe6 39. Ne5 Qe1+
40. Kg2 Qe2+ 41. Kg3 1/2-1/2

[Event "XXIV MEMORIAL J. KOCHANA"]
[Site "Koszalin"]
[Date "2013.08.11"]
[Round "2.15"]
[White "Pijewski, Milosz"]
[Black "Malaniuk, Vladimir P"]
[Result "0-1"]
[WhiteElo "1516"]
[BlackElo "2529"]
[PlyCount "104"]
[EventDate "2013.??.??"]

1. e4 e5 2. Nf3 Nc6 3. Bc4 Nf6 4. d3 Be7 5. Be3 O-O 6. c3 d5 7. exd5 Nxd5 8.
O-O a6 9. d4 exd4 10. Nxd4 Nxe3 11. fxe3 Ne5 12. Bb3 c5 13. Nf3 Qxd1 14. Rxd1
c4 15. Nxe5 cxb3 16. axb3 Bc5 17. Kf2 Re8 18. Rd5 Ba7 19. Nc4 Be6 20. Rd3 Rad8
21. Rxd8 Rxd8 22. Na5 Bc8 23. Nc4 Rd1 24. Ncd2 Bf5 25. Ke2 Rg1 26. Kf2 Rc1 27.
h3 Bd3 28. b4 f5 29. c4 Kf7 30. b3 f4 31. c5 Bb8 32. b5 Bxb5 33. Ra5 Rc2 34.
Kf3 Bc6+ 35. e4 Bc7 36. Ra3 Rxc5 37. Nc4 Rg5 38. Nbd2 Rg3+ 39. Kf2 Kf6 40. Ra1
Rc3 41. Ra2 g5 42. Ra1 h5 43. Ra2 Bb8 44. Ra5 Ba7+ 45. Ke2 Bb5 46. Kf1 g4 47.
hxg4 hxg4 48. e5+ Ke6 49. Ne4 Rxb3 50. Ned6 Rb1+ 51. Ke2 Bxc4+ 52. Nxc4 Rg1 0-1

[Event "XXIV MEMORIAL J. KOCHANA"]
[Site "Koszalin"]
[Date "2013.08.11"]
[Round "2.16"]
[White "Luczak, Filip"]
[Black "Mielczarski, Miroslaw"]
[Result "0-1"]
[WhiteElo "1360"]
[BlackElo "2241"]
[PlyCount "82"]
[EventDate "2013.??.??"]

1. e4 c5 2. Nf3 d6 3. d4 cxd4 4. Nxd4 Nf6 5. Nc3 Nc6 6. Be3 Ng4 7. Nxc6 bxc6 8.
Bf4 e5 9. Bg3 Be7 10. Be2 Nf6 11. O-O O-O 12. Kh1 Rb8 13. b3 Qa5 14. Qd3 Nd7
15. a3 Nc5 16. Qe3 Ne6 17. b4 Qc7 18. f4 exf4 19. Bxf4 Nxf4 20. Qxf4 Bf6 21.
Qf3 Be5 22. Rad1 Be6 23. h3 Qe7 24. Nb1 d5 25. exd5 cxd5 26. Bd3 Bc7 27. Rde1
Qd6 28. Kg1 Rfe8 29. g3 Qxg3+ 30. Qxg3 Bxg3 31. Re3 Bc7 32. Ref3 g6 33. h4 Re7
34. h5 Kg7 35. hxg6 hxg6 36. Nd2 Bg4 37. Rf6 Bf5 38. Rc6 Bb6+ 39. Kg2 Bxd3 40.
cxd3 Re2+ 41. Kh3 Rxd2 0-1

[Event "XXIV MEMORIAL J. KOCHANA"]
[Site "Koszalin"]
[Date "2013.08.11"]
[Round "2.17"]
[White "Brusilowicz, Przemyslaw"]
[Black "Turzynska, Grazyna"]
[Result "1-0"]
[WhiteElo "1954"]
[BlackElo "1487"]
[PlyCount "89"]
[EventDate "2013.??.??"]

1. e4 e5 2. Nf3 Nc6 3. Bb5 Bc5 4. O-O d6 5. h3 Nf6 6. d3 h6 7. c3 O-O 8. Qe2 a6
9. Ba4 b5 10. Bb3 Ne7 11. Be3 Bxe3 12. fxe3 c5 13. Nbd2 Bb7 14. Bc2 Ng6 15. Nh2
d5 16. exd5 Bxd5 17. Rf2 Rb8 18. Raf1 Rb6 19. b3 Bb7 20. c4 Qe7 21. Ng4 Nxg4
22. Qxg4 Bc8 23. Qh5 Qh4 24. Qxh4 Nxh4 25. Ne4 Rc6 26. Nc3 f5 27. cxb5 axb5 28.
Nxb5 Rcf6 29. Nc3 g5 30. Na4 Rc6 31. Bb1 Kg7 32. Rc1 Ng6 33. Rxc5 Rd6 34. Rc7+
Kg8 35. Nc5 h5 36. a4 g4 37. hxg4 hxg4 38. g3 e4 39. d4 Be6 40. Nxe6 Rxe6 41.
b4 Rb6 42. Ba2+ Kh8 43. Rh2+ Nh4 44. Rxh4+ Rh6 45. Rxh6# 1-0

[Event "XXIV MEMORIAL J. KOCHANA"]
[Site "Koszalin"]
[Date "2013.08.11"]
[Round "2.18"]
[White "Tymrakiewicz, Marcin"]
[Black "Oglaza, Oskar"]
[Result "1/2-1/2"]
[WhiteElo "1936"]
[BlackElo "1512"]
[PlyCount "30"]
[EventDate "2013.??.??"]

1. d4 d5 2. Nf3 e6 3. e3 Nf6 4. Bd3 c6 5. Nbd2 Nbd7 6. Ne5 Bd6 7. f4 c5 8. b3
a6 9. a4 Qc7 10. Bb2 cxd4 11. exd4 Bb4 12. c4 b6 13. O-O Bb7 14. f5 Bxd2 15.
Qxd2 dxc4 1/2-1/2

[Event "XXIV MEMORIAL J. KOCHANA"]
[Site "Koszalin"]
[Date "2013.08.11"]
[Round "2.19"]
[White "Sowinski, Ryszard"]
[Black "Koszowski, Krystian"]
[Result "0-1"]
[WhiteElo "1560"]
[BlackElo "1721"]
[PlyCount "90"]
[EventDate "2013.??.??"]

1. d4 d5 2. c4 e6 3. e3 Nf6 4. Nc3 c5 5. Nf3 Nc6 6. cxd5 Nxd5 7. Bb5 Qb6 8.
Nxd5 exd5 9. Bxc6+ Qxc6 10. Ne5 Qe6 11. Qa4+ Bd7 12. Nxd7 Qxd7 13. Qxd7+ Kxd7
14. dxc5 Bxc5 15. O-O Rhd8 16. Rd1 Ke6 17. a3 d4 18. Kf1 dxe3 19. Re1 Rd3 20.
Bxe3 Bxe3 21. Rxe3+ Rxe3 22. fxe3 Rc8 23. Re1 Rc2 24. Re2 Rxe2 25. Kxe2 Ke5 26.
Kd3 h5 27. h4 f6 28. g3 g5 29. e4 gxh4 30. gxh4 Kf4 31. Kd4 Kg4 32. Ke3 Kg3 33.
a4 a5 34. b3 Kg4 35. Kd4 Kxh4 36. e5 fxe5+ 37. Kxe5 Kg4 38. Kd6 h4 39. Kc7 h3
40. Kxb7 h2 41. Kb6 h1=Q 42. Kxa5 Qd5+ 43. Kb4 Kf5 44. a5 Ke5 45. Ka4 Qc6+ 0-1

[Event "XXIV MEMORIAL J. KOCHANA"]
[Site "Koszalin"]
[Date "2013.08.11"]
[Round "2.20"]
[White "Zimochocki, Roman"]
[Black "Leszczewska, Edyta"]
[Result "1/2-1/2"]
[WhiteElo "1775"]
[BlackElo "1382"]
[PlyCount "182"]
[EventDate "2013.??.??"]

1. d4 d5 2. Nf3 Nf6 3. Bf4 Nc6 4. e3 a6 5. c3 Bf5 6. Bd3 Bxd3 7. Qxd3 e6 8.
Nbd2 Bd6 9. Bg5 Be7 10. O-O Nd7 11. Bf4 O-O 12. e4 dxe4 13. Nxe4 Nf6 14. Rad1
Nxe4 15. Qxe4 Rc8 16. d5 exd5 17. Rxd5 Qe8 18. Rfd1 Nb8 19. R5d3 c6 20. Qf5 f6
21. Nd4 Qf7 22. Ne6 Rfe8 23. Bxb8 Rxb8 24. Rd7 b6 25. b3 Kh8 26. h3 Qg8 27. Nd4
Rbc8 28. Qg4 Qf8 29. Nf5 Rcd8 30. Qc4 g6 31. Ne3 Rxd7 32. Rxd7 Bd8 33. Qxc6 Re7
34. Qd6 Re8 35. Qd4 a5 36. Kh2 Kg8 37. Qh4 Re7 38. Qc4+ Kh8 39. Qd5 Rxd7 40.
Qxd7 Qe7 41. Qxe7 Bxe7 42. Nd5 Bd8 43. c4 Kg8 44. Kg3 Kf7 45. Kf3 f5 46. Ke3
Ke6 47. Kd4 Kd6 48. f4 Bh4 49. a3 Bf2+ 50. Kd3 Ke6 51. Nc3 Kd6 52. Nb5+ Kc6 53.
Nd4+ Kd6 54. Nf3 Bc5 55. a4 Ke7 56. g4 Kf6 57. Ne5 Ke6 58. Ke2 Bd6 59. Nd3 Kf6
60. g5+ Ke6 61. Ke3 Bc5+ 62. Kf3 Kd6 63. Ne5 Ke6 64. Nd3 Kd6 65. Nb2 Bd4 66.
Nd3 Bc5 67. Ke2 Ke6 68. Kd2 Kd6 69. Kc3 Be3 70. b4 axb4+ 71. Kxb4 Kc6 72. Ne5+
Kc7 73. Nd3 Kc6 74. a5 bxa5+ 75. Kxa5 Bd2+ 76. Ka4 Be3 77. Kb4 Bd2+ 78. Kb3 Be3
79. Kc3 Bb6 80. Ne5+ Kd6 81. Kd3 Bc5 82. Nf3 Kc6 83. Nd4+ Kd6 84. Kc3 Kd7 85.
Kd3 Bd6 86. Ne2 Bc5 87. Ng3 Kc6 88. Nf1 Bd6 89. Ke3 Kc5 90. Nd2 Bc7 91. h4 Bd6
1/2-1/2

[Event "XXIV MEMORIAL J. KOCHANA"]
[Site "Koszalin"]
[Date "2013.08.11"]
[Round "2.21"]
[White "Krzywnicka, Maria"]
[Black "Smolenski, Filip"]
[Result "0-1"]
[WhiteElo "1372"]
[BlackElo "1555"]
[PlyCount "108"]
[EventDate "2013.??.??"]

1. e4 e5 2. Nf3 Nc6 3. Bc4 Nf6 4. d3 Be7 5. O-O d6 6. Be3 Na5 7. Bb3 Nxb3 8.
axb3 a6 9. Nc3 O-O 10. Ne2 Bd7 11. Ng3 c6 12. h3 Qc7 13. Qe2 Rfe8 14. Qd2 Rad8
15. Rae1 d5 16. Qc1 dxe4 17. dxe4 Be6 18. Rd1 Bb4 19. Rxd8 Rxd8 20. Rd1 Rxd1+
21. Qxd1 h6 22. c3 Be7 23. b4 Nd7 24. Qa4 f6 25. Qd1 b5 26. Nh4 Nb6 27. Bxb6
Qxb6 28. Nhf5 Bf8 29. Qg4 Kh7 30. Qd1 Qc7 31. Nh4 Qd7 32. Qxd7 Bxd7 33. Kf1 c5
34. bxc5 Bxc5 35. Nhf5 g6 36. Ne3 Bxe3 37. fxe3 Kg7 38. b4 Kf7 39. Kf2 Bc6 40.
Kf1 h5 41. h4 Ke6 42. Ke2 Kf7 43. Kd3 Kg7 44. Ne2 g5 45. g3 Kg6 46. Ng1 f5 47.
exf5+ Kxf5 48. hxg5 Kxg5 49. Ne2 Bd5 50. Kd2 Kg4 51. Ke1 Bf3 52. Kf2 Bxe2 53.
Kg2 Bf3+ 54. Kf2 e4 0-1

[Event "XXIV MEMORIAL J. KOCHANA"]
[Site "Koszalin"]
[Date "2013.08.11"]
[Round "2.22"]
[White "Trzeciakiewicz, Michal"]
[Black "Zukowska, Aleksandra"]
[Result "1-0"]
[WhiteElo "1543"]
[BlackElo "1345"]
[PlyCount "80"]
[EventDate "2013.??.??"]

1. e4 c5 2. Nf3 Nc6 3. d4 cxd4 4. Nxd4 Nf6 5. Nc3 g6 6. Be2 Bg7 7. Be3 O-O 8.
O-O d5 9. Nxc6 bxc6 10. e5 Nd7 11. f4 f5 12. Kh1 Nb6 13. b3 Be6 14. Rg1 Rc8 15.
h4 c5 16. Bf2 c4 17. Nb5 Qd7 18. Nd4 Rc7 19. Be3 Rfc8 20. g4 Rf8 21. Qe1 Qc8
22. Qg3 a6 23. h5 Kf7 24. gxf5 Bxf5 25. Nxf5 Qxf5 26. Bxb6 Rc6 27. Be3 Rh8 28.
Bg4 Qxc2 29. Raf1 e6 30. Rf2 Qc3 31. Rh2 Rcc8 32. Bh3 Qd3 33. f5 Qe4+ 34. Bg2
Qxe5 35. fxe6+ Qxe6 36. Re1 Be5 37. Bf4 Bxf4 38. Qxf4+ Qf6 39. Bxd5+ Kg7 40.
h6+ Kf8 1-0

[Event "XXIV MEMORIAL J. KOCHANA"]
[Site "Koszalin"]
[Date "2013.08.11"]
[Round "2.23"]
[White "Wasilewski, Leszek"]
[Black "Kubiak, Jakub"]
[Result "0-1"]
[WhiteElo "1337"]
[BlackElo "1531"]
[PlyCount "106"]
[EventDate "2013.??.??"]

1. d4 Nf6 2. c4 g6 3. Nc3 Bg7 4. Bg5 O-O 5. e4 d6 6. f4 h6 7. Bh4 Ng4 8. h3 Ne3
9. Qd3 Nxf1 10. Kxf1 f5 11. Nge2 g5 12. Bg3 fxe4 13. Qxe4 e5 14. Ke1 gxf4 15.
Bf2 c6 16. d5 c5 17. Kd2 Bf5 18. Qf3 Nd7 19. g4 Bg6 20. Ne4 Nf6 21. N2c3 Qb6
22. b3 Qc7 23. Nxf6+ Bxf6 24. Ne4 Qh7 25. Nxd6 e4 26. Qd1 e3+ 27. Bxe3 fxe3+
28. Ke2 Bxa1 29. Qxa1 Qe7 30. Nf5 Qf6 31. Qxf6 Rxf6 32. Nxh6+ Kg7 33. g5 Rf2+
34. Kxe3 Rxa2 35. Ng4 Rb2 36. Ne5 Rxb3+ 37. Kf4 Rf8+ 38. Kg4 Re8 39. Re1 Rc3
40. d6 Rxc4+ 41. Kg3 Rd4 42. d7 Rd8 43. Rc1 Rd5 44. Re1 Bf5 45. h4 Bxd7 46. h5
Bf5 47. h6+ Kh7 48. Kf4 Rf8 49. Kg3 Re8 50. Kf4 Rexe5 51. Rxe5 Rxe5 52. Kxe5
Bg6 53. Kd5 b6 0-1

[Event "XXIV MEMORIAL J. KOCHANA"]
[Site "Koszalin"]
[Date "2013.08.11"]
[Round "2.24"]
[White "Popiolek, Henryk"]
[Black "Kozlowski, Konrad"]
[Result "1-0"]
[WhiteElo "1332"]
[BlackElo "1515"]
[PlyCount "82"]
[EventDate "2013.??.??"]

1. c4 c5 2. Nc3 Nc6 3. g3 g6 4. Bg2 Bg7 5. e4 d6 6. d3 e6 7. Nge2 Nge7 8. O-O
O-O 9. Bf4 e5 10. Be3 Be6 11. a3 Qd7 12. Qd2 Nd4 13. Bxd4 cxd4 14. Na2 Rab8 15.
b4 Bh3 16. b5 Bxg2 17. Kxg2 f5 18. f3 f4 19. g4 g5 20. Nb4 Ng6 21. a4 Nh4+ 22.
Kf2 h5 23. h3 Rf6 24. Rac1 Bf8 25. Nd5 Rh6 26. Rg1 Kh8 27. Qa5 b6 28. Qe1 hxg4
29. Rxg4 Nxf3 30. Kxf3 Rxh3+ 31. Ng3 fxg3 32. Rxg3 Bh6 33. Kg2 g4 34. Rc2 Rf8
35. Rf2 Rxg3+ 36. Kxg3 Bf4+ 37. Nxf4 exf4+ 38. Rxf4 Rxf4 39. Qh1+ Kg8 40. Kxf4
Qg7 41. Qh4 Qf7+ $138 1-0

[Event "XXIV MEMORIAL J. KOCHANA"]
[Site "Koszalin"]
[Date "2013.08.11"]
[Round "2.26"]
[White "Kedziera, Izydor"]
[Black "Bilczewska, Olga"]
[Result "0-1"]
[WhiteElo "1512"]
[BlackElo "1223"]
[PlyCount "90"]
[EventDate "2013.??.??"]

1. e4 e5 2. Nf3 Nc6 3. Bb5 Bc5 4. d3 d6 5. Nc3 a6 6. Ba4 Nf6 7. h3 Bd7 8. Qe2
h6 9. Be3 Nd4 10. Bxd4 exd4 11. Bxd7+ Qxd7 12. Nb1 Bb4+ 13. Nbd2 c5 14. O-O O-O
15. Nh4 Rae8 16. Ndf3 g5 17. Nf5 Qxf5 18. a3 Ba5 19. b4 Bb6 20. Rab1 Nd7 21.
Nh2 Qg6 22. f4 gxf4 23. Rxf4 Kh8 24. Rbf1 Bc7 25. Qd2 Bd8 26. Rg4 Bg5 27. Qd1
Ne5 28. Rg3 Be3+ 29. Rxe3 dxe3 30. Rf5 Rg8 31. Qe2 Qg3 32. Ng4 Nxg4 33. hxg4
Qxg4 34. Qxg4 Rxg4 35. bxc5 dxc5 36. Kf1 Rf8 37. Rxc5 Kg8 38. Ke2 Rxg2+ 39.
Kxe3 b6 40. Rc6 Rg6 41. Rc4 h5 42. Kf4 Kg7 43. d4 h4 44. Rc3 Rh8 45. Rh3 Rg2
0-1

[Event "XXIV MEMORIAL J. KOCHANA"]
[Site "Koszalin"]
[Date "2013.08.11"]
[Round "2.27"]
[White "Ciesielski, Jan"]
[Black "Grzesik, Gracjan"]
[Result "1-0"]
[WhiteElo "1268"]
[BlackElo "1446"]
[PlyCount "113"]
[EventDate "2013.??.??"]

1. e4 c5 2. Nf3 Nc6 3. d4 cxd4 4. Nxd4 e6 5. Be3 Nf6 6. Nc3 Bb4 7. Bd3 d5 8.
exd5 Nxd5 9. Nxc6 bxc6 10. Bd2 Qa5 11. Nxd5 Bxd2+ 12. Qxd2 Qxd2+ 13. Kxd2 cxd5
14. Rad1 Rb8 15. b3 Rb6 16. Kc1 Ba6 17. Rd2 Kd7 18. Rhd1 Bxd3 19. Rxd3 Ke7 20.
Re3 Rd8 21. f4 Rc6 22. f5 Rdc8 23. Re2 Rd6 24. fxe6 Rxe6 25. Red2 Rec6 26. Kb2
Rc5 27. Kb1 a5 28. Rxd5 Rxc2 29. Rxa5 Rxg2 30. Ra7+ Kf8 31. Rdd7 Rf2 32. Rac7
Rxc7 33. Rxc7 Rxh2 34. a4 Rd2 35. a5 Rd8 36. a6 Ra8 37. a7 g6 38. b4 Ke8 39. b5
Kd8 40. b6 Rxa7 41. Rxa7 Kc8 42. Rxf7 h5 43. Rg7 h4 44. Rxg6 h3 45. Rh6 Kb7 46.
Rxh3 Kxb6 47. Kb2 Kc6 48. Rh5 Kd6 49. Kc3 Kc6 50. Kd4 Kb6 51. Kc4 Ka6 52. Rb5
Ka7 53. Kc5 Ka6 54. Rb1 Ka7 55. Kc6 Ka8 56. Kc7 Ka7 57. Ra1# 1-0

[Event "XXIV MEMORIAL J. KOCHANA"]
[Site "Koszalin"]
[Date "2013.08.11"]
[Round "2.29"]
[White "Leszczewska, Aneta"]
[Black "Cwirko, Mateusz"]
[Result "0-1"]
[WhiteElo "1115"]
[BlackElo "1420"]
[PlyCount "110"]
[EventDate "2013.??.??"]

1. e4 c5 2. c3 d5 3. Bb5+ Bd7 4. Bxd7+ Qxd7 5. exd5 Qxd5 6. Nf3 e6 7. O-O Be7
8. d4 Nf6 9. dxc5 Qxd1 10. Rxd1 Bxc5 11. Nbd2 O-O 12. Nb3 Be7 13. Be3 Nc6 14.
Nc5 b6 15. Nd7 Rfd8 16. Nde5 Nxe5 17. Nxe5 Nd5 18. Nc6 Rdc8 19. Nxe7+ Nxe7 20.
Rd3 Kf8 21. Rad1 Ke8 22. a4 Rd8 23. Rxd8+ Rxd8 24. Rxd8+ Kxd8 25. a5 Kc7 26.
axb6+ axb6 27. Kf1 Kc6 28. Ke2 b5 29. Kd3 Kd5 30. b3 Nc6 31. c4+ bxc4+ 32.
bxc4+ Kd6 33. Kc3 Ne7 34. Kb4 Kc6 35. Ka5 Nf5 36. Bb6 Nh4 37. Bd4 f6 38. g3 Nf3
39. Bc3 Kc5 40. Bb4+ Kxc4 41. Bf8 g6 42. h4 Kd5 43. Kb6 f5 44. Kc7 Ne5 45. f4
Ng4 46. Kd7 Nf6+ 47. Ke7 Nh5 48. Kf7 Nxg3 49. Kg7 Nh5+ 50. Kxh7 Nxf4 51. Bh6 e5
52. Bxf4 exf4 53. Kxg6 f3 54. Kxf5 f2 55. h5 f1=Q+ 0-1

[Event "XXIV MEMORIAL J. KOCHANA"]
[Site "Koszalin"]
[Date "2013.08.11"]
[Round "3.1"]
[White "Lisinski, Henryk"]
[Black "Sieciechowicz, Marcin"]
[Result "0-1"]
[WhiteElo "1929"]
[BlackElo "2458"]
[PlyCount "50"]
[EventDate "2013.??.??"]

1. d4 Nf6 2. Nf3 g6 3. c4 Bg7 4. Nc3 d5 5. Bf4 O-O 6. e3 c5 7. cxd5 Nxd5 8. Be5
Nc6 9. Bxg7 Kxg7 10. Bc4 Nb6 11. Bb5 cxd4 12. exd4 Bg4 13. d5 Ne5 14. Qd4 Bxf3
15. gxf3 f6 16. Qe4 Rc8 17. O-O Nbc4 18. f4 Nd2 19. Qe2 Nef3+ 20. Kg2 Rxc3 21.
bxc3 Qxd5 22. Kg3 Qh5 23. h3 Qh4+ 24. Kg2 Qxf4 25. Rh1 Qg5# 0-1

[Event "XXIV MEMORIAL J. KOCHANA"]
[Site "Koszalin"]
[Date "2013.08.11"]
[Round "3.2"]
[White "Dobrowolski, Piotr"]
[Black "Karwowski, Kacper"]
[Result "1-0"]
[WhiteElo "2423"]
[BlackElo "1904"]
[PlyCount "59"]
[EventDate "2013.??.??"]

1. d4 Nf6 2. c4 e6 3. Nc3 Bb4 4. e3 b6 5. a3 Bxc3+ 6. bxc3 c5 7. Bd3 Bb7 8. f3
d5 9. Ne2 O-O 10. cxd5 exd5 11. O-O Re8 12. Ng3 Ba6 13. Ra2 Bxd3 14. Qxd3 Qc8
15. Re2 cxd4 16. cxd4 Qc4 17. Qd2 Nc6 18. Bb2 Na5 19. e4 h6 20. e5 Nh7 21. Nf5
Qa4 22. Qf4 Nf8 23. Qg4 Ng6 24. f4 Nc6 25. e6 Rxe6 26. Nxh6+ gxh6 27. Rxe6 fxe6
28. Qxg6+ Kf8 29. f5 e5 30. f6 1-0

[Event "XXIV MEMORIAL J. KOCHANA"]
[Site "Koszalin"]
[Date "2013.08.11"]
[Round "3.3"]
[White "Ziemba, Artur"]
[Black "Voloshin, Leonid"]
[Result "0-1"]
[WhiteElo "1667"]
[BlackElo "2420"]
[PlyCount "104"]
[EventDate "2013.??.??"]

1. d4 Nf6 2. c4 e6 3. Nf3 Bb4+ 4. Bd2 Qe7 5. g3 a5 6. Bg2 Bxd2+ 7. Qxd2 Qb4 8.
Qxb4 axb4 9. e3 d6 10. O-O Bd7 11. Ne1 Bc6 12. Nd3 Bxg2 13. Kxg2 Nc6 14. a4
bxa3 15. Nxa3 Kd7 16. b4 Ne4 17. Rfd1 Ra4 18. Nc2 Rha8 19. f3 Ra2 20. Rxa2 Rxa2
21. Rc1 Nd2 22. b5 Nb3 23. bxc6+ bxc6 24. Ndb4 Nxc1 25. Nxa2 Nxa2 26. c5 Kc8
27. e4 Kb7 28. cxd6 cxd6 29. Kf2 Kb6 30. Na3 d5 31. Ke3 Ka5 32. Kd3 Ka4 33. Nb1
Kb3 34. Nd2+ Kb2 35. f4 Nb4+ 36. Ke3 Kc3 37. Nb1+ Kc2 38. Nd2 f5 39. e5 h6 40.
g4 g6 41. h3 Kc3 42. Nb1+ Kb2 43. Nd2 Kc2 44. h4 fxg4 45. h5 gxh5 46. f5 exf5
47. e6 Na6 48. Nf1 Nc7 49. e7 h4 50. Kf4 Kd3 51. Kxf5 g3 52. Kf4 g2 0-1

[Event "XXIV MEMORIAL J. KOCHANA"]
[Site "Koszalin"]
[Date "2013.08.11"]
[Round "3.4"]
[White "Piotrowski, Pawel"]
[Black "Kucharski, Krzysztof"]
[Result "1-0"]
[WhiteElo "1959"]
[BlackElo "1864"]
[PlyCount "85"]
[EventDate "2013.??.??"]

1. d4 Nf6 2. c4 d6 3. Nc3 g6 4. g3 Bg7 5. Bg2 Nbd7 6. Nf3 c6 7. O-O O-O 8. e4
e5 9. h3 h5 10. Re1 Re8 11. Be3 a6 12. Qc2 Qc7 13. Rad1 b6 14. b3 Rb8 15. c5
bxc5 16. dxc5 d5 17. exd5 cxd5 18. Nxd5 Nxd5 19. Rxd5 Bb7 20. Rdd1 Bf8 21. Rc1
Rec8 22. Red1 Nxc5 23. Bxc5 Bxf3 24. Bxf3 Qxc5 25. Qd2 Qb6 26. Rxc8 Rxc8 27.
Bd5 Bc5 28. Bxf7+ Kg7 29. Bc4 Rf8 30. Rf1 e4 31. Qe2 a5 32. Qxe4 Rxf2 33. Rxf2
Bxf2+ 34. Kg2 Bc5 35. Qe5+ Kh7 36. Qd5 Bd4 37. Bd3 Kh6 38. h4 Qf6 39. Qxa5 Qf2+
40. Kh3 Bf6 41. Qd5 g5 42. hxg5+ Bxg5 43. Qg8 1-0

[Event "XXIV MEMORIAL J. KOCHANA"]
[Site "Koszalin"]
[Date "2013.08.11"]
[Round "3.5"]
[White "Czajkowski, Adam"]
[Black "Lebiedowicz, Borys"]
[Result "1-0"]
[WhiteElo "1933"]
[BlackElo "1781"]
[PlyCount "59"]
[EventDate "2013.??.??"]

1. e4 e5 2. Nf3 Nc6 3. Bb5 f5 4. Nc3 fxe4 5. Nxe4 Nf6 6. Bxc6 dxc6 7. Nxf6+
Qxf6 8. Qe2 Be7 9. Nxe5 O-O 10. O-O c5 11. b3 Bd6 12. Bb2 Bf5 13. Rae1 Rae8 14.
f4 Qh4 15. Qf3 c6 16. Re3 Re6 17. d3 Rfe8 18. Qg3 Qe7 19. Rfe1 Qf8 20. Nc4 Bc7
21. Be5 Bd8 22. Bd6 Qf6 23. Bxc5 Bc7 24. Bxa7 Ra8 25. Bb6 Bxb6 26. Nxb6 Rxa2
27. Rxe6 Bxe6 28. f5 Bxf5 29. Qb8+ Kf7 30. Qe8# 1-0

[Event "XXIV MEMORIAL J. KOCHANA"]
[Site "Koszalin"]
[Date "2013.08.11"]
[Round "3.6"]
[White "Stylinski, Piotr"]
[Black "Malaniuk, Vladimir P"]
[Result "0-1"]
[WhiteElo "1576"]
[BlackElo "2529"]
[PlyCount "86"]
[EventDate "2013.??.??"]

1. d4 d6 2. c4 e5 3. dxe5 dxe5 4. Qxd8+ Kxd8 5. Nf3 f6 6. e3 Be6 7. Nc3 Nd7 8.
Be2 c6 9. O-O Nh6 10. a3 a5 11. e4 Nf7 12. Be3 a4 13. Nd2 Bc5 14. Bxc5 Nxc5 15.
Bd1 Kc7 16. b4 axb3 17. Nxb3 Nd3 18. Nd2 Rhd8 19. Be2 Nf4 20. Rfd1 Nxe2+ 21.
Nxe2 Rd3 22. Kf1 Raxa3 23. Rxa3 Rxa3 24. f4 Bg4 25. f5 Re3 26. Re1 Rd3 27. Rd1
Nd6 28. h3 Nxc4 29. hxg4 Rxd2 30. Ra1 Ne3+ 31. Kf2 Nxg4+ 32. Kf3 h5 33. g3 Rd3+
34. Kg2 Re3 35. Ng1 Rxe4 36. Ra8 Rd4 37. Nf3 Rd8 38. Ra5 e4 39. Ne1 Rd2+ 40.
Kg1 e3 41. Ra4 Rf2 42. Re4 Rxf5 43. Ng2 Re5 0-1

[Event "XXIV MEMORIAL J. KOCHANA"]
[Site "Koszalin"]
[Date "2013.08.11"]
[Round "3.7"]
[White "Mielczarski, Miroslaw"]
[Black "Dabrowski, Damian"]
[Result "1-0"]
[WhiteElo "2241"]
[BlackElo "1593"]
[PlyCount "93"]
[EventDate "2013.??.??"]

1. Nf3 Nf6 2. d4 g6 3. c4 c5 4. e3 Bg7 5. Nc3 b6 6. Be2 O-O 7. O-O d6 8. d5 Bf5
9. Nd2 Na6 10. a3 Nc7 11. e4 Bd7 12. Qc2 a6 13. b4 Bg4 14. f3 Bd7 15. Rb1 Rb8
16. Bb2 Nh5 17. f4 Bd4+ 18. Kh1 Nf6 19. Nf3 Be3 20. Bc1 Ng4 21. Bd3 e6 22. e5
Qe7 23. h3 Bxc1 24. Qxc1 Nh6 25. exd6 Qxd6 26. Ne4 Qe7 27. d6 Qd8 28. dxc7 Qxc7
29. Nf6+ Kh8 30. Qc3 cxb4 31. axb4 Qd8 32. Nxd7+ f6 33. Nxb8 Qxb8 34. Nd4 Qd6
35. Rbd1 Nf5 36. Nxf5 gxf5 37. Bxf5 Qe7 38. Rfe1 Qg7 39. Rxe6 h5 40. Rxb6 h4
41. Qf3 Qh6 42. Rb7 a5 43. Rdd7 a4 44. Rh7+ Kg8 45. Qg4+ Qg5 46. Qxg5+ fxg5 47.
Rbg7# 1-0